Statistical Hand Book of LWE Affected Blocks In Odisha/ (Record no. 193026)

MARC details
000 -LEADER
fixed length control field 00595nam a22001937a 4500
005 - DATE AND TIME OF LATEST TRANSACTION
control field 20221014105008.0
010 ## - LCCN (DPL NO)
LC control number ENG-135403
020 ## - INTERNATIONAL STANDARD BOOK NUMBER
International Standard Book Number 9789380705668
Terms of availability 800.00
035 ## - SYSTEM CONTROL NUMBER
System control number EN-118935
037 ## - SOURCE OF ACQUISITION
Source of stock number/acquisition DBAD/PUB
082 ## - DEWEY DECIMAL CLASSIFICATION NUMBER
Classification number 361.95454
245 ## - TITLE STATEMENT
Title Statistical Hand Book of LWE Affected Blocks In Odisha/
Statement of responsibility, etc Edited by Sanjay Kumar Mohapatra and Sridhar Panda
260 ## - PUBLICATION, DISTRIBUTION, ETC. (IMPRINT)
Place of publication, distribution, etc Odisha
Name of publisher, distributor, etc Government Of Odisha
Date of publication, distribution, etc 2017
270 ## - ADDRESS
City Bhubaneswar
300 ## - PHYSICAL DESCRIPTION
Extent 403p.
Dimensions 25cm(hb)
700 ## - ADDED ENTRY--PERSONAL NAME
Personal name Mohapatra, Sanjay Kumar
700 ## - ADDED ENTRY--PERSONAL NAME
Personal name Panda, Sridhar
942 ## - ADDED ENTRY ELEMENTS (KOHA)
Source of classification or shelving scheme Dewey Decimal Classification
Item type English Books
Call number suffix STA
Classification part 361.95454
Holdings
Withdrawn status Lost status Not for loan Collection code Home library Current library Date acquired Source of acquisition Cost, normal purchase price Full call number Barcode Copy number Cost, replacement price Koha item type
      Non-fiction Bawana Bawana 14/10/2022 DBAD/PUB 800.00 361.95454 STA EN-118935 1 800.00 English Books

© Delhi Public Library
Hit Counter
free hit counter